header

From the slave trade to 'free' trade (Record no. 241185)

MARC details
000 -LEADER
fixed length control field 01452nam a2200385 a 4500
082 04 - DEWEY DECIMAL CLASSIFICATION NUMBER
Classification number 382.096
245 00 - TITLE STATEMENT
Title From the slave trade to 'free' trade
260 ## - PUBLICATION, DISTRIBUTION, ETC. (IMPRINT)
Place of publication Nairobi ;
-- Oxford :
Name of publisher Fahamu,
Year of publication 2007.
300 ## - PHYSICAL DESCRIPTION
Number of Pages 170 p.
650 #0 - SUBJECT ADDED ENTRY--TOPICAL TERM
Topical Term Free trade
Topical Term Slave trade
Topical Term Social justice
Topical Term Democracy
700 1# - ADDED ENTRY--PERSONAL NAME
Personal name Burnett, Patrick.
Personal name Manji, Firoze.
856 40 - ELECTRONIC LOCATION AND ACCESS
Uniform Resource Identifier http://site.ebrary.com/lib/rucke/Doc?id=10495511

No items available.

© 2026 Rongo University
Contact us: librarian | system librarian | Rongo university